Vol. 28, № 3; Journal of Applied Physics

Bibliografski detalji
Parent link:Journal of Applied Physics: журнал. Vol. 28, № 3.— , 1942, 1944-1974, 1976-1991, 1994-1995, 1997-2002.— 0021-8979
Jezik:engleski
Izdano: 1957
Format: Knjiga
KOHA link:https://koha.lib.tpu.ru/cgi-bin/koha/opac-detail.pl?biblionumber=557433

MARC

LEADER 00000nam2a2200000 4500
001 557433
005 20231101122132.0
035 |a (RuTPU)RU\TPU\prd\251894 
035 |a RU\TPU\prd\251893 
090 |a 557433 
100 |a 20160211a19579999k y0engy50 ba 
101 1 |a eng 
102 |a US 
200 0 |a Vol. 28, № 3 
210 |d 1957 
461 1 |0 (RuTPU)RU\TPU\prd\38  |x 0021-8979  |t Journal of Applied Physics  |o журнал  |v Vol. 28, № 3  |d 1942, 1944-1974, 1976-1991, 1994-1995, 1997-2002 
801 0 |a RU  |b 63413507  |c 20010227  |g PSBO 
801 1 |a RU  |b 63413507  |c 20020228  |g PSBO 
801 2 |a RU  |b 63413507  |c 20160322  |g PSBO 
942 |c BK 
999 |a НТБ_ТПУ  |b НФ  |e -19/20150916  |p П-3764  |u 0,00  |v 1